[Event "Moia op 7th"]
[Site "Moia"]
[Date "2018.09.14"]
[Round "1"]
[White "Ramirez Rosich, Pere"]
[Black "Balcells Soriguera, Teresa Helena"]
[Result "0-1"]
[WhiteElo "1569"]
[BlackElo "1904"]
[PlyCount "56"]
[EventDate "2018.09.14"]
[EventType "swiss"]
[EventRounds "8"]
[EventCountry "ESP"]
[SourceTitle "CBM 189 Extra"]
[Source "ChessBase"]
[SourceDate "2019.06.03"]
[SourceVersion "1"]
[SourceVersionDate "2019.06.03"]
[SourceQuality "1"]

1. d4 Nf6 2. Bf4 c5 3. Nf3 cxd4 4. Nxd4 d6 5. Bg3 Ne4 6. Nd2 Nxg3 7. hxg3 g6 8. c3 Bg7 9. N2f3 Qb6 10. Qd2 Nd7 11. e3 a6 12. Ng5 h6 13. Ngf3 Nf6 14. Qc2 e5 15. Nb3 Bf5 16. Qd2 g5 17. Rd1 Rd8 18. Be2 0-0 19. Nh2 d5 20. g4 Bg6 21. f3 a5 22. Nf1 a4 23. Nc1 e4 24. Ng3 a3 25. b4 Qc7 26. Rh3 Nxg4 27. Kf1 Bxc3 28. Qc2 Nxe3+ 0-1

[Event "Moia op 5th"]
[Site "Moia"]
[Date "2016.09.30"]
[Round "2"]
[White "Ramirez Rosich, Pere"]
[Black "Bellpuig Mencos, Gerard"]
[Result "0-1"]
[WhiteElo "1808"]
[BlackElo "1551"]
[PlyCount "118"]
[EventDate "2016.09.23"]
[EventType "swiss"]
[EventRounds "8"]
[EventCountry "ESP"]
[SourceTitle "EXT 2018"]
[Source "ChessBase"]
[SourceDate "2017.10.13"]
[SourceVersion "1"]
[SourceVersionDate "2017.10.13"]
[SourceQuality "1"]

1. c4 Nf6 2. Nc3 g6 3. g3 Bg7 4. Bg2 0-0 5. Rb1 d6 6. d3 Nbd7 7. Nf3 e5 8. 0-0 h6 9. b4 a6 10. Bd2 Qe8 11. Qc1 Kh7 12. Nh4 c6 13. f4 exf4 14. Bxf4 g5 15. Bxg5 hxg5 16. Qxg5 Qe5 17. Qf5+ Qxf5 18. Nxf5 Ne8 19. Nxg7 Kxg7 20. Rf4 Nef6 21. Ne4 Nxe4 22. Bxe4 Nf6 23. Bf5 Bxf5 24. Rxf5 Rae8 25. Rbf1 Nh7 26. R1f4 f6 27. Rg4+ Kh6 28. Kf2 Re5 29. e4 Rxf5+ 30. exf5 Ng5 31. h4 Nf7 32. Rg6+ Kh5 33. Rxf6 Kg4 34. Kg2 Re8 35. Re6 Rd8 36. Re7 Ne5 37. f6 Rf8 38. Rxb7 Rxf6 39. Rg7+ Rg6 40. Ra7 Nxd3 41. a3 Rf6 42. Rg7+ Kf5 43. Rg5+ Ke4 44. Rg4+ Ke5 45. h5 d5 46. cxd5 cxd5 47. Rh4 Rh6 48. Kf3 d4 49. Ke2 Nb2 50. g4 d3+ 51. Kd2 Rd6 52. h6 Nc4+ 53. Kd1 d2 54. Rh5+ Ke4 55. Rh1 Nb2+ 56. Kc2 d1Q+ 57. Rxd1 Nxd1 58. h7 Ne3+ 59. Kc3 Rh6 0-1

[Event "Moia op 4th"]
[Site "Moia"]
[Date "2015.10.02"]
[Round "3"]
[White "Basora Pascual, Pau"]
[Black "Ramirez Rosich, Pere"]
[Result "1/2-1/2"]
[WhiteElo "1861"]
[BlackElo "1717"]
[PlyCount "53"]
[EventDate "2015.09.18"]
[EventType "swiss"]
[EventRounds "8"]
[EventCountry "ESP"]
[SourceTitle "EXT 2017"]
[Source "ChessBase"]
[SourceDate "2016.10.25"]
[SourceVersion "1"]
[SourceVersionDate "2016.10.25"]
[SourceQuality "1"]

1. e4 c5 2. Nf3 Nc6 3. d4 cxd4 4. Nxd4 e5 5. Nb3 Nf6 6. f3 d5 7. Bg5 d4 8. c3 Be6 9. cxd4 Bb4+ 10. Bd2 Bxb3 11. Qxb3 Qxd4 12. Bxb4 Qxb4+ 13. Nc3 Rd8 14. Bc4 0-0 15. 0-0 Rd4 16. Qxb4 Nxb4 17. b3 a6 18. a4 Rfd8 19. Rfd1 Nc2 20. Rxd4 Rxd4 21. Rd1 Ne3 22. Rxd4 exd4 23. Ne2 Nxc4 24. bxc4 d3 25. Nc3 Nd7 26. Kf2 b6 27. Ke3 1/2-1/2